Dactylographie_"12/21" - Statistiques

Statistiques générales
  • Ce quiz a été pris 210 fois
  • Le résultat moyen est 37 sur 150
Statistiques - réponses
Hint21 Réponse % Correct
12 12
100%
21 21
99%
12 12
97%
12 12
95%
21 21
95%
21 21
94%
12 12
92%
21 21
91%
12 12
90%
21 21
90%
12 12
88%
21 21
87%
12 12
86%
12 12
85%
21 21
85%
12 12
84%
21 21
84%
21 21
83%
12 12
82%
12 12
79%
21 21
79%
21 21
77%
12 12
76%
21 21
76%
12 12
74%
12 12
70%
21 21
70%
21 21
67%
12 12
63%
12 12
61%
21 21
61%
21 21
57%
12 12
56%
21 21
55%
12 12
50%
12 12
49%
21 21
49%
21 21
46%
12 12
41%
21 21
37%
12 12
34%
21 21
32%
12 12
30%
12 12
30%
21 21
30%
12 12
27%
21 21
27%
12 12
26%
21 21
26%
12 12
25%
21 21
25%
21 21
25%
12 12
23%
21 21
22%
12 12
20%
21 21
18%
12 12
16%
12 12
16%
21 21
16%
21 21
13%
12 12
10%
12 12
10%
21 21
10%
21 21
10%
12 12
9%
12 12
8%
12 12
8%
21 21
8%
21 21
8%
21 21
8%
12 12
7%
21 21
6%
12 12
5%
12 12
5%
21 21
5%
12 12
4%
21 21
4%
21 21
4%
12 12
3%
12 12
3%
12 12
3%
12 12
3%
12 12
3%
21 21
3%
21 21
3%
21 21
3%
21 21
3%
21 21
3%
12 12
2%
12 12
2%
12 12
2%
12 12
2%
21 21
2%
21 21
2%
21 21
2%
12 12
1%
12 12
1%
21 21
1%
21 21
1%
21 21
1%
12 12
0%
12 12
0%
12 12
0%
12 12
0%
12 12
0%
12 12
0%
12 12
0%
12 12
0%
12 12
0%
12 12
0%
12 12
0%
12 12
0%
12 12
0%
12 12
0%
12 12
0%
12 12
0%
12 12
0%
12 12
0%
12 12
0%
12 12
0%
12 12
0%
12 12
0%
12 12
0%
12 12
0%
12 12
0%
21 21
0%
21 21
0%
21 21
0%
21 21
0%
21 21
0%
21 21
0%
21 21
0%
21 21
0%
21 21
0%
21 21
0%
21 21
0%
21 21
0%
21 21
0%
21 21
0%
21 21
0%
21 21
0%
21 21
0%
21 21
0%
21 21
0%
21 21
0%
21 21
0%
21 21
0%
21 21
0%
21 21
0%
21 21
0%
Aucun quiz correspondant
Distribution des résultats
% des personnes avec chaque résultat
Percentile par nombre de réponses
Votre historique - résultats
Vous n’avez pas pris ce quiz